[Event "Online Olym Div4 E"]
[Site "Chess.com INT"]
[Date "2021.08.22"]
[Round "9.2"]
[White "Gontcharov, Dimitri"]
[Black "Ramsumair, Daenon"]
[Result "1/2-1/2"]
[WhiteElo "1448"]
[BlackElo "1715"]
[PlyCount "99"]
[EventDate "2021.08.20"]
[EventType "team (rapid)"]
[EventRounds "11"]
[EventCountry "USA"]
[SourceTitle "CBM 203 Extra"]
[Source "ChessBase"]
[SourceDate "2021.09.30"]
[SourceVersion "1"]
[SourceVersionDate "2021.09.30"]
[SourceQuality "1"]
[WhiteTeam "Bermuda"]
[BlackTeam "Trinidad and Tobago"]
[WhiteTeamCountry "BER"]
[BlackTeamCountry "TRI"]

1. e4 c5 2. Nf3 e6 3. d4 cxd4 4. Nxd4 Nc6 5. Nc3 Nf6 6. Be3 Bb4 7. f3 0-0 8. Qd2 d5 9. Nxc6 bxc6 10. 0-0-0 Qc7 11. exd5 Nxd5 12. Bc4 Nxc3 13. bxc3 Ba3+ 14. Kb1 Rb8+ 15. Bb3 a5 16. Qd4 Be7 17. a4 e5 18. Qe4 Be6 19. Ka2 Bd7 20. Rb1 Kh8 21. Bc1 f5 22. Qe2 c5 23. c4 Rb4 24. Re1 Bf6 25. Ba3 Rb7 26. Red1 Rfb8 27. Qe3 Be7 28. Rd3 Bxa4 29. Qc1 Bxb3+ 30. Rdxb3 Rxb3 31. Rxb3 Rd8 32. Qe1 Bf6 33. Rb1 h6 34. Rd1 Kh7 35. Qe2 Rxd1 36. Qxd1 e4 37. fxe4 fxe4 38. Qd5 Qe5 39. Qxc5 Qa1+ 40. Kb3 Qc3+ 41. Ka4 Qxc2+ 42. Kxa5 Bd8+ 43. Kb5 Qb3+ 44. Bb4 Bf6 45. Qf5+ Kh8 46. Qxe4 Qd1 47. Qe8+ Kh7 48. Qe4+ Kg8 49. Qe8+ Kh7 50. Qe4+ 1/2-1/2

[Event "Wch FIDE Online U14 America qual"]
[Site "Tornelo INT"]
[Date "2020.12.02"]
[Round "2"]
[White "Gontcharov, Dimitri"]
[Black "Montes Orozco, Miguel Angel"]
[Result "0-1"]
[WhiteElo "1456"]
[BlackElo "1679"]
[PlyCount "60"]
[EventDate "2020.12.01"]
[EventType "swiss (rapid)"]
[EventRounds "7"]
[EventCountry "ISS"]
[SourceTitle "EXT 2022"]
[Source "ChessBase"]
[SourceDate "2021.10.06"]
[SourceVersion "1"]
[SourceVersionDate "2021.10.06"]
[SourceQuality "1"]

1. e4 e5 2. Nf3 Nc6 3. d4 exd4 4. Nxd4 Bb4+ 5. Nc3 Nf6 6. Nxc6 bxc6 7. Bd3 d5 8. exd5 cxd5 9. 0-0 0-0 10. a3 Bd6 11. Re1 c6 12. Bg5 Rb8 13. Qc1 Be6 14. b4 a5 15. b5 c5 16. a4 c4 17. Bf1 Bb4 18. Bd2 Qb6 19. Ne2 Bc5 20. Be3 d4 21. Bf4 Rbd8 22. Rd1 Ne4 23. Ng3 Nc3 24. Rd2 Nd5 25. Rd1 d3 26. cxd3 Bxf2+ 27. Kh1 c3 28. Ne4 Bg4 29. Nxf2 Qxf2 30. Re1 Qxf4 0-1

[Event "Online Olym Div4 E"]
[Site "Chess.com INT"]
[Date "2020.08.01"]
[Round "4.5"]
[White "McKennis, Darren"]
[Black "Gontcharov, Dimitri"]
[Result "1-0"]
[WhiteElo "1735"]
[BlackElo "1448"]
[PlyCount "113"]
[EventDate "2020.07.31"]
[EventType "team-tourn (rapid)"]
[EventRounds "9"]
[EventCountry "USA"]
[SourceTitle "CBM 198"]
[Source "ChessBase"]
[SourceDate "2020.10.31"]
[SourceVersion "1"]
[SourceVersionDate "2020.10.31"]
[SourceQuality "1"]
[WhiteTeam "Jamaica"]
[BlackTeam "Bermuda"]
[WhiteTeamCountry "JAM"]
[BlackTeamCountry "BER"]

1. d4 Nf6 2. Nf3 d5 3. Bf4 e6 4. e3 c5 5. dxc5 Bxc5 6. Nc3 Nc6 7. Bd3 0-0 8. 0-0 a6 9. e4 dxe4 10. Nxe4 Nxe4 11. Bxe4 Qf6 12. Qc1 e5 13. Be3 Nd4 14. Bxd4 Bxd4 15. Nxd4 exd4 16. Qd2 Re8 17. Rfe1 Rd8 18. Rad1 Bg4 19. f3 Bf5 20. Qd3 Bxe4 21. Rxe4 Re8 22. Qxd4 Qc6 23. Rd2 h6 24. c3 Kh7 25. Qd3 Qb6+ 26. Rd4+ Kh8 27. Re2 Rxe2 28. Qxe2 Kh7 29. Qd3+ Kg8 30. b4 Re8 31. Kf2 a5 32. a4 axb4 33. cxb4 Ra8 34. a5 Qa7 35. Kf1 Rf8 36. Rd7 Qb8 37. g3 Qc8 38. Qd2 Qc6 39. Kg2 Qc8 40. b5 Qb8 41. Qd6 Qc8 42. Qc7 Qe8 43. Re7 Qa8 44. h4 Qa7 45. Qb6 Qa8 46. Rxb7 Qc8 47. Qc7 Qe8 48. Qe7 Qa8 49. a6 Qc8 50. Qc7 Qe8 51. Qe7 Qc8 52. Rc7 Qb8 53. Qc5 Qa8 54. a7 Re8 55. Qc4 Qd8 56. Qxf7+ Kh8 57. Qxg7# 1-0

[Event "Hamilton The Bermuda Longtail"]
[Site "Hamilton"]
[Date "2018.04.10"]
[Round "5"]
[White "Gontcharov, Dimitri"]
[Black "Davis, Brian"]
[Result "1-0"]
[WhiteElo "1218"]
[BlackElo "1450"]
[PlyCount "89"]
[EventDate "2018.03.13"]
[EventType "swiss"]
[EventRounds "6"]
[EventCountry "BER"]
[SourceTitle "EXT 2024"]
[Source "ChessBase"]
[SourceDate "2023.10.10"]
[SourceVersion "1"]
[SourceVersionDate "2023.10.10"]
[SourceQuality "1"]

1. e4 e6 2. d4 d5 3. e5 c5 4. c3 Bd7 5. Nf3 Nc6 6. Bd3 Qb6 7. dxc5 Bxc5 8. 0-0 Nge7 9. b4 Nxb4 10. cxb4 Bxb4 11. Be3 Qa5 12. Nbd2 Nf5 13. Bxf5 exf5 14. Nb3 Qb5 15. Rc1 0-0 16. Nbd4 Qa6 17. Qb3 Qa5 18. Nc2 Be7 19. Qxb7 Rfd8 20. Ncd4 Qxa2 21. Ra1 Qc4 22. Rfc1 Qd3 23. Rxa7 Rxa7 24. Qxa7 Qe4 25. h3 f4 26. Bd2 g5 27. Ba5 Bc5 28. Qxc5 Rc8 29. Qa3 Rb8 30. Rc7 Rb1+ 31. Rc1 Rb7 32. Qe7 h6 33. Qd8+ Kg7 34. Qf6+ Kh7 35. Qxf7+ Kh8 36. e6 Bc6 37. Qf6+ Kh7 38. Rxc6 Rb1+ 39. Kh2 Rb7 40. Rc7+ Rxc7 41. Bxc7 g4 42. Qf7+ Kh8 43. Be5+ Qxe5 44. Nxe5 g3+ 45. fxg3 1-0

[Event "Hamilton The Bermuda Longtail"]
[Site "Hamilton"]
[Date "2018.03.27"]
[Round "3"]
[White "Gontcharov, Dimitri"]
[Black "Place, Wolde"]
[Result "1-0"]
[WhiteElo "1218"]
[BlackElo "1423"]
[PlyCount "119"]
[EventDate "2018.03.13"]
[EventType "swiss"]
[EventRounds "6"]
[EventCountry "BER"]
[SourceTitle "EXT 2024"]
[Source "ChessBase"]
[SourceDate "2023.10.10"]
[SourceVersion "1"]
[SourceVersionDate "2023.10.10"]
[SourceQuality "1"]

1. e4 e6 2. d4 b6 3. c4 d6 4. Nf3 g6 5. Nc3 Bg7 6. Bd3 Nc6 7. Be3 e5 8. d5 Nd4 9. Nxd4 exd4 10. Bxd4 Bxd4 11. Bc2 Qf6 12. 0-0 Nh6 13. Ba4+ Kf8 14. Bc6 Rb8 15. Nb5 Bc5 16. Rb1 Bg4 17. Qd3 Qe5 18. b4 Bc8 19. bxc5 bxc5 20. Nxc7 Rxb1 21. Rxb1 Ng4 22. Qg3 Qxe4 23. Rc1 Qe7 24. Nb5 Qg5 25. Qxd6+ Kg7 26. Re1 Rd8 27. Qe7 Qf5 28. f3 Nxh2 29. Kxh2 Rh8 30. Qe5+ Qxe5+ 31. Rxe5 a5 32. d6 Rd8 33. Rxc5 Rxd6 34. Nxd6 Be6 35. Rxa5 h5 36. c5 f5 37. Bb5 Kf6 38. c6 Ke7 39. c7 Kxd6 40. Ra7 Kc5 41. Rb7 Kd6 42. a4 Bc8 43. Ra7 g5 44. g3 g4 45. f4 Kc5 46. Ra8 Kb6 47. Rxc8 Kb7 48. Ba6+ Kc6 49. a5 h4 50. gxh4 g3+ 51. Kxg3 Kd7 52. h5 Kc6 53. h6 Kd7 54. h7 Kc6 55. h8Q Kd7 56. Qd4+ Kc6 57. Bb5+ Kb7 58. Qd5+ Kxc8 59. Qd8+ Kb7 60. Qb8# 1-0

[Event "Hamilton The President's Shield"]
[Site "Hamilton"]
[Date "2018.02.27"]
[Round "6"]
[White "Lodge, Adrian"]
[Black "Gontcharov, Dimitri"]
[Result "0-1"]
[WhiteElo "1555"]
[BlackElo "1218"]
[PlyCount "150"]
[EventDate "2018.01.16"]
[EventType "swiss"]
[EventRounds "6"]
[EventCountry "BER"]
[SourceTitle "EXT 2024"]
[Source "ChessBase"]
[SourceDate "2023.10.10"]
[SourceVersion "1"]
[SourceVersionDate "2023.10.10"]
[SourceQuality "1"]

1. d4 d5 2. Nc3 Nf6 3. Bg5 Nc6 4. a3 Bf5 5. Bxf6 gxf6 6. e3 e5 7. Nf3 e4 8. Nh4 Be6 9. Be2 f5 10. g3 Bd6 11. Bh5 Qe7 12. f4 0-0-0 13. b4 Rhg8 14. Be2 Rg7 15. Kf2 Rdg8 16. Rg1 Kd8 17. b5 Na5 18. Nb1 b6 19. a4 Qd7 20. Qc1 Be7 21. Ng2 Nc4 22. Nd2 Na5 23. Nb3 Nxb3 24. cxb3 Bd6 25. a5 Ke7 26. axb6 cxb6 27. Ra6 Rc8 28. Qa1 Ra8 29. Rc1 Rgg8 30. Qb2 Rgc8 31. Rca1 Ke8 32. Ne1 h6 33. Nc2 Kf8 34. b4 Ke8 35. R1a4 Kf8 36. Na3 Ke8 37. Nb1 Kf8 38. Nc3 Ke8 39. Ra3 Qe7 40. Na4 Bxb4 41. Ra2 Ba5 42. Qa1 Kf8 43. Nxb6 axb6 44. Rxa8 Rxa8 45. Rc2 Qb7 46. Qa3+ Ke8 47. Qd6 Qd7 48. Qe5 Qe7 49. Qh8+ Qf8 50. Qe5 Qe7 51. Rc7 Bd7 52. Qxd5 Rc8 53. Ra7 Qe6 54. Qb7 Qd6 55. Bh5 Rb8 56. Ra8 Rxa8 57. Qxa8+ Ke7 58. Qg8 Qe6 59. Qg7 Qa2+ 60. Be2 Qe6 61. d5 Qxd5 62. Qxh6 Qe6 63. Qg5+ Qf6 64. Qg8 Qg6 65. Qh8 Qf6 66. Qh3 Qa1 67. Kg2 Bxb5 68. Qh5 Bxe2 69. Qxe2 Qa4 70. g4 Qb4 71. Kh3 Qd2 72. Qg2 Qxe3+ 73. Kh4 fxg4 74. Qxg4 Qf2+ 75. Kh5 Qf3 0-1

[Event "Hamilton The President's Shield"]
[Site "Hamilton"]
[Date "2018.01.23"]
[Round "2"]
[White "Gontcharov, Dimitri"]
[Black "Davis, Brian"]
[Result "0-1"]
[WhiteElo "1216"]
[BlackElo "1452"]
[PlyCount "78"]
[EventDate "2018.01.16"]
[EventType "swiss"]
[EventRounds "6"]
[EventCountry "BER"]
[SourceTitle "EXT 2024"]
[Source "ChessBase"]
[SourceDate "2023.10.10"]
[SourceVersion "1"]
[SourceVersionDate "2023.10.10"]
[SourceQuality "1"]

1. e4 e6 2. d4 d5 3. e5 c5 4. c3 Nc6 5. Nf3 Qb6 6. Bd3 cxd4 7. cxd4 Nxd4 8. Nxd4 Bd7 9. Nf3 Nh6 10. Nc3 Bb4 11. Be3 Qc7 12. Rc1 Bc6 13. 0-0 0-0 14. Qd2 Qe7 15. Bxh6 gxh6 16. Qxh6 f5 17. exf6 Rxf6 18. Qg5+ Kh8 19. Rfe1 d4 20. Re5 Bxf3 21. Bxh7 dxc3 22. Bd3 Qg7 23. Qh4+ Rh6 24. Qg3 Qxg3 25. hxg3 cxb2 26. Rc4 Rd8 27. Rxb4 Rxd3 28. Re1 Bd5 29. Rxb2 Ra3 30. Ra1 e5 31. f3 Rha6 32. Kf2 e4 33. f4 e3+ 34. Ke2 Bxg2 35. f5 Kg7 36. g4 Be4 37. Ke1 Bf3 38. Kf1 e2+ 39. Kf2 R6a4 0-1